| 000 | 00479nam a22001457a 4500 | ||
|---|---|---|---|
| 008 | 230410b |||||||| |||| 00| 0 eng d | ||
| 040 |
_aNational Science Library _cNational Science Library |
||
| 080 |
_aR 061.2(540)(058) _bN8 |
||
| 245 |
_aDainet NGO directory _c/ Development Alternatives Information Network |
||
| 260 |
_aNew Delhi: _bDevelopment Alternatives Information Network, _c1998 |
||
| 300 | _a235p. | ||
| 650 | _aManagement | ||
| 653 | _aDirectory | ||
| 942 |
_2udc _cPR |
||
| 999 |
_c20129 _d20129 |
||